Definición de los intervalos de operación para las variables críticas que intervienen en la unión de polímeros por medio de la aplicación de ultrasonido en la fabricación de catéteres de ablación.

সংরক্ষণ করুন:
গ্রন্থ-পঞ্জীর বিবরন
প্রধান লেখক: Roldán Jiménez, Leonardo, 1987-
অন্যান্য লেখক: Solano Sánchez, Paula Raquel, 1976- Directora del TFG
বিন্যাস: গ্রন্থ
ভাষা:Spanish
প্রকাশিত: San José, Costa Rica 2019
বিষয়গুলি:
ট্যাগগুলো: ট্যাগ যুক্ত করুন
কোনো ট্যাগ নেই, প্রথমজন হিসাবে ট্যাগ করুন!

MARC

LEADER 00000nam a22000007a 4500
003 013009
005 20230525140521.0
008 190403b xxu||||| |||| 00| 0 spa d
040 |c cru CEDI 
100 |9 560  |a Roldán Jiménez, Leonardo, 1987- 
245 |a Definición de los intervalos de operación para las variables críticas que intervienen en la unión de polímeros por medio de la aplicación de ultrasonido en la fabricación de catéteres de ablación. 
260 |a San José, Costa Rica  |c 2019 
500 |a Proyecto de graduación(licenciatura en ingeniería química)--Universidad de Costa Rica. Facultad de Ingeniería. Escuela de Ingeniería Química 
501 |a Directora de Proyecto de Graduación: M.Sc. Paula Solano Sánchez  
650 |x SOLDADURA ULTRASONICA   |x CATETERES - FABRICACION   |x PROCESOS DE MANUFACTURA 
700 |9 15  |a Solano Sánchez, Paula Raquel, 1976-  |d Directora del TFG 
942 |c CEDI  |h TFG 8159  |6 TFG_8159_000000000000000 
999 |c 21649  |d 21649